01010nam a2200337 4500001001000000003000900010005001700019007001000036008004100046016001600087017000900103020001500112035000600127040002200133041001100155080000600166100001600172240003900188245007900227260003300306300002000339490001900359500004800378700003700426830001600463942001200479945002800491952009900519956003900618999001500657 00340087DO-SdBNP20180206130657.0 00340087921223s1984 sp |||| ||spa d7 a z 2BPMSU a b  a8423317589 a  aBPMSUbspacBPMSU1 aspah  4a 1 aAiken, Joan12aA whisper in the night.lEspañol13aUn susurro en la noche /cJoan Aiken ; traducción, Encarna Castejónh  aBarcelona :b Destino,c1984 a145 p.:c20 cm. aObservadorv70 a"Edición especial para El Observador" ­ 1 aCastejón, Encarnad1959-4tr.  pObservador  2ddccBK ainventariado, 2018 / dg 00102ddc4070aBPMETbBPMETd2015-12-17eFUNDIl0pBPMSU15120164r2015-12-17w2015-12-17yBK aVMATEO2103201512176BPMSU800151 c9129d9129